00517nam a2200145Ia 4500008004100000082001800041100004300059245006100102250001600163260004600179300000900225942001200234999001900246952010600265210430s9999 xx 000 0 und d a519.5 H7141 I aRobert V. Hogg, Allen T. Craig9126980 aIntroduction to Mathematical Statistics /cRobert V.Hogg a4th edition aIslamabadbNational Book Foundationc1962 a437p cBK2ddc c561517d561517 001040708NFICaSCMEbSCMEcGENd0006-10-11l0o519.5 H7141 IpSCME-351r2021-04-30w2021-04-30yBK